Wiener Bezirke - Floridsdorf - Statistiken

Allgemein
  • Dieses Quiz wurde 70 mal gespielt
  • Das Durchschnittsergebnis liegt bei 10 aus 21
Antwortstatistiken
Frage Antwort % Korrekt
Der wievielte Bezirk ist Floridsdorf? XXI.
100%
Ein Teil der größten Insel Wiens gehört zu Floridsdorf. Wie heißt diese Insel? Donauinsel
89%
Nach Donaustadt ist Floridsdorf der ... Bezirk größte
68%
Wie heißt die U1-Endstation in Floridsdorf? Leopoldau
64%
Nenne einen Bezirk dessen Grenze zu Floridsdorf durch die Donau gegeben ist Brigittenau | Döbling
60%
Verkehrsmittel; In Österreich erstmals zwischen Floridsdorf und Deutsch-Wagram Eisenbahn
60%
Floridsdorf hat Anteil an diesem großen ruhenden Gewässer Alte Donau
57%
Zu welchem Niederösterreichischen Bezirk hat Floridsdorf die längste Grenze? Korneuburg
57%
Wie viele Bezirksteile hat Floridsdorf? Sechs
57%
Unter diesem Namen werden Floridsdorf und Donaustadt zusammengefasst Transdanubien
57%
Welcher Bezirksteil von Floridsdorf ist der größte und auch nördlichste? Stammersdorf
53%
Dieser Platz spaltet die Floridsdorfer Hauptstr. in die Brünner Str. und Prager Str. Am Spitz
47%
In diesem Floridsdorfer Bezirksteil steht die dritthöchste Wiener Kirche Donaufeld
43%
Wie heißt der Platz auf dem der Bahnhof Floridsdorf (U6-Endstation) liegt? Franz-Jonas-Platz
43%
Wie heißt der höchste Turm von Floridsdorf? Florido Tower
38%
In welcher Besatzungszone lag Floridsdorf? Sowjetische Zone
36%
Diese Gemeindebauten-Stadtrandsiedlung besteht aus mehr als 5000 Wohnungen Großfeldsiedlung
34%
Er steht bei FC Bologna unter Vertrag und ist Stürmer bei der Nationalmannschaft Marko Arnautović
32%
Die einwohnerreichste Stadt Österreichs die weniger Einwohner als Floridsdorf hat Salzburg
32%
In seinen Aktionen benutzt er Tierkadaver und Blut Hermann Nitsch
19%
Diese Straße mit einem außergewöhnlich langen Namen liegt heute in Donaustadt Arbeiterstrandbadstraße
4%
Keine übereinstimmenden Quizze gefunden
Verteilung der Resultate
Anzahl Personen mit jedem Resultat
Perzentil nach korrekt beantworteten Fragen
Ihre Resultats-Entwicklung
Sie haben dieses Quiz noch nicht gespielt